| 000 | 00900nam a2200289 a 4500 | ||
|---|---|---|---|
| 003 | DO-SdBNP | ||
| 005 | 20250109080355.0 | ||
| 007 | ta | ||
| 008 | 250109e2013 sp ||||er|||| 000 fdspa d | ||
| 020 | _a9788492865802 | ||
| 040 |
_aDO-SdBNP _bspa _cBNPHU _erda |
||
| 041 | _hspa | ||
| 082 | 4 |
_a863.44 _bH557n _222 |
|
| 100 | 1 |
_aHernández, Rita Indiana, _d1977- _eautor _97082 |
|
| 245 | 1 | 0 |
_aNombres y animales / _bRita Indiana Hernández |
| 264 |
_aEspaña : _bPeríférica, _c2018 |
||
| 300 |
_a207 páginas. ; _c21 cm. |
||
| 336 |
_ardacontent _btexto _2txt |
||
| 337 |
_ardamedia _bsin mediación _2n |
||
| 338 |
_ardacarrier _bvolumen _2nc |
||
| 500 | _aEsta obra ha recibido la ayuda a la edición del Ministerio de Educación, Cultura y Deporte | ||
| 590 | _aInventariado 2025 / DG | ||
| 650 | 4 |
_aLiteratura _980984 |
|
| 650 | 0 |
_aNovela dominicana _9223 |
|
| 910 | _aDG | ||
| 942 |
_2ddc _cLBS1 |
||
| 999 |
_c58011 _d58011 |
||